| 000 | 00000nas##2200000za#4500 |
| 001 | 9.505158 |
| 003 | CaOODSP |
| 005 | 20210929082751 |
| 007 | cr ||||||||||| |
| 008 | 150406c2005||||xxc|| m o||||f| |0eng|d |
| 040 | |aCaOODSP|beng |
| 043 | |an-cn--- |
| 086 | 1 |aFo29-34E-PDF |
| 110 | 1 |aCanada. |bNatural Resources Canada. |bCanadian Forest Service. |
| 245 | 10|aSpecial report / |h[electronic resource]|cIssued by the Northern Forestry Centre. |
| 260 | |aEdmonton - Alberta : |bNatural Resources Canada. |
| 310 | |aIrregular |
| 546 | |a(Résumé en français.) |
| 690 | 07|aForests|2gcpds |
| 775 | 08|tRapport spécial / |w(CaOODSP)9.501475 |
| 776 | 0#|tSpecial report / |w(CaOODSP)9.514638 |